00547nam a2200133 a 4500008004100000050001100041100002000052245002700072260009600099350000900195995007800204999001700282952011400299120416s2001 ||||||||||||||||| || u aTHESIS aNdhlovu, Paul R10aKamwala transit centre aKitwebCopperbelt University, School of Built Environment, Department of Architecturec2001 a0.00 D0.00FCBU-MAIN LIBRARY (Kitwe)H1I0.00UAVAILABLEZUniversity Collection c48559d48559 00102lcc4070a001b001cUniversity Collectiond2022-11-30l0oTHESISp9018734r2022-11-30w2022-11-30y002